The embattled farmers : (Record no. 28298)
[ view plain ]
| 000 -LEADER | |
|---|---|
| fixed length control field | 00891cam a22002771 4500 |
| 001 - CONTROL NUMBER | |
| control field | 28298 |
| 003 - CONTROL NUMBER IDENTIFIER | |
| rucl marc code | BD-RjUL |
| 005 - DATE AND TIME OF LATEST TRANSACTION | |
| control field | 20211209051249.0 |
| 008 - FIXED-LENGTH DATA ELEMENTS--GENERAL INFORMATION | |
| fixed length control field | 140330r19711953nyu b 001 0 eng d |
| 035 ## - SYSTEM CONTROL NUMBER | |
| System control number | (BD-RjUL)28379 |
| System control number | (OCoLC)3864104 |
| 040 ## - CATALOGING SOURCE | |
| Original cataloging agency | DLC |
| Transcribing agency | ScU |
| Modifying agency | ScU |
| -- | OCoLC |
| -- | Uk |
| -- | DLC |
| Language of cataloging | eng |
| 041 ## - LANGUAGE CODE | |
| Language code of text/sound track or separate title | eng |
| 082 00 - DEWEY DECIMAL CLASSIFICATION NUMBER | |
| Classification number | 974.4 |
| Author mark and year | NEE 1971 |
| 100 1# - MAIN ENTRY--PERSONAL NAME | |
| Personal name | Newcomer, Lee Nathaniel. |
| 9 (RLIN) | 86663 |
| 245 14 - TITLE STATEMENT | |
| Title | The embattled farmers : |
| Remainder of title | a Massachusetts countryside in the American Revolution / |
| 260 ## - PUBLICATION, DISTRIBUTION, ETC. (IMPRINT) | |
| Place of publication, distribution, etc. | New York : |
| Name of publisher, distributor, etc. | Russell & Russell, |
| Date of publication, distribution, etc. | 1953 [Reissed 1971]. |
| 300 ## - PHYSICAL DESCRIPTION | |
| Pagination | x, 274 p. ; |
| Size | 21 cm. |
| 500 ## - GENERAL NOTE | |
| General note | Without thesis statement. |
| 502 ## - DISSERTATION NOTE | |
| Dissertation note | Thesis--Columbia University. |
| 504 ## - BIBLIOGRAPHY, ETC. NOTE | |
| Bibliography, etc | Includes bibliographical reference and index. |
| 651 #0 - SUBJECT ADDED ENTRY--GEOGRAPHIC NAME | |
| Geographic name | Massachusetts |
| General subdivision | History |
| Chronological subdivision | Revolution, 1775-1783. |
| 9 (RLIN) | 86664 |
| 942 ## - ADDED ENTRY ELEMENTS (KOHA) | |
| Source of classification or shelving scheme | Dewey Decimal Classification |
| Koha item type | Books |
| Lost status | Source of classification or shelving scheme | Damaged status | Not for loan | Collection code | Permanent Location | Current Location | Shelving location | Date acquired | Source of acquisition | Total Checkouts | Full call number | Date last seen | Copy number | Koha item type |
|---|---|---|---|---|---|---|---|---|---|---|---|---|---|---|
| Dewey Decimal Classification | Added to bundle | Non-fiction | Central Library, University of Rajshahi | Central Library, University of Rajshahi | Reading Room | 20/10/1985 | asia foundation | 974.4 NEE 1971 | 30/03/2014 | C-1 | Books | |||
| Dewey Decimal Classification | Non-fiction | Central Library, University of Rajshahi | Central Library, University of Rajshahi | 13/06/1994 | asia foundation | 974.4 NEE 1971 | 30/03/2014 | C-5 | Books |